| 000 | 00000nam 2200000zi 4500 |
| 001 | 9.939926 |
| 003 | CaOODSP |
| 005 | 20240627112228 |
| 006 | m o d f |
| 007 | cr cn||||||||| |
| 008 | 240627t20242024oncabo ob f000 0 eng d |
| 020 | |a9780660701387 |
| 040 | |aCaOODSP|beng|erda|cCaOODSP |
| 043 | |an-cn-bc |
| 086 | 1 |aFs144-71/2024E-PDF |
| 245 | 00|aManaging marine mammals in Canada's Pacific region : |ban integrative management framework. |
| 264 | 1|a[Ottawa] : |bFisheries and Oceans Canada = Pêches et océans Canada, |c[2024] |
| 264 | 4|c©2024 |
| 300 | |a1 online resource (ii, 57 pages) : |billustrations, maps, photographs |
| 336 | |atext|btxt|2rdacontent |
| 337 | |acomputer|bc|2rdamedia |
| 338 | |aonline resource|bcr|2rdacarrier |
| 500 | |aCover title. |
| 504 | |aIncludes bibliographical references (page 55). |
| 520 | |a"The overarching intent for this Integrated Management Framework is to guide current and future marine management actions that will sustain vibrant marine mammal populations in British Columbia today, and into the future"--Key challenge and intent of this framework, page 1. |
| 583 | |aFrench issued in HTML format only (email from author 26-6-2024). |
| 650 | 0|aMarine mammals|xMonitoring|zBritish Columbia|zPacific Coast. |
| 650 | 0|aMarine mammal populations|zBritish Columbia|zPacific Coast. |
| 650 | 6|aMammifères marins|xSurveillance|zColombie-Britannique|zPacifique, Côte du. |
| 650 | 6|aMammifères marins|xPopulations|zColombie-Britannique|zPacifique, Côte du. |
| 710 | 1 |aCanada. |bDepartment of Fisheries and Oceans, |eissuing body. |
| 856 | 40|qPDF|s12.18 MB|uhttps://publications.gc.ca/collections/collection_2024/mpo-dfo/Fs144-71-2024-eng.pdf |
| 856 | 4 |qHTML|sN/A|uhttps://www.pac.dfo-mpo.gc.ca/fm-gp/mammals-mammiferes/docs/management-framework-cadre-gestion/index-eng.html |